MARC details
| 000 -CABECERA |
| campo de control de longitud fija |
00960nam a2200289 a 4500 |
| 001 - NÚMERO DE CONTROL |
| campo de control |
000003556 |
| 003 - IDENTIFICADOR DEL NÚMERO DE CONTROL |
| campo de control |
DO-SdBNP |
| 005 - FECHA Y HORA DE LA ÚLTIMA TRANSACCIÓN |
| campo de control |
20240320074001.0 |
| 007 - CAMPO FIJO DE DESCRIPCIÓN FÍSICA--INFORMACIÓN GENERAL |
| campo de control de longitud fija |
ta |
| 008 - DATOS DE LONGITUD FIJA--INFORMACIÓN GENERAL |
| campo de control de longitud fija |
090710s2001 dr 000 1 spa d |
| 040 ## - FUENTE DE LA CATALOGACIÓN |
| Centro catalogador/agencia de origen |
DO-SdBNP |
| Lengua de catalogación |
spa |
| Centro/agencia transcriptor |
BNPHU |
| 082 #4 - NÚMERO DE LA CLASIFICACIÓN DECIMAL DEWEY |
| Número de clasificación |
234.163 |
| Número de documento/Ítem |
E86c |
| Número de edición |
22 |
| 245 03 - MENCIÓN DE TÍTULO |
| Título |
La eucaristía : |
| Resto del título |
cataquesis de Juan Pablo II / |
| Mención de responsabilidad, etc. |
editor Rafael Bello Peguero ; presentación Francisco José Arnaiz, S.J. |
| 260 ## - PUBLICACIÓN, DISTRIBUCIÓN, ETC. |
| Lugar de publicación, distribución, etc. |
Santo Domingo : |
| Nombre del editor, distribuidor, etc. |
Amigo del Hogar, |
| Fecha de publicación, distribución, etc. |
2001. |
| 300 ## - DESCRIPCIÓN FÍSICA |
| Extensión |
51 p. ; |
| Dimensiones |
22 cm. |
| 500 ## - NOTA GENERAL |
| Nota general |
Incluye índice |
| 590 ## - NOTA LOCAL (RLIN) |
| Nota local |
Inventariado, 2022 / DG |
| 650 #4 - PUNTO DE ACCESO ADICIONAL DE MATERIA--TÉRMINO DE MATERIA |
| Término de materia o nombre geográfico como elemento de entrada |
Eucaristía |
| Subdivisión general |
Iglesia católica |
| 9 (RLIN) |
10987 |
| 650 #4 - PUNTO DE ACCESO ADICIONAL DE MATERIA--TÉRMINO DE MATERIA |
| Término de materia o nombre geográfico como elemento de entrada |
Catequesis |
| Subdivisión general |
Iglesia católica |
| 9 (RLIN) |
10988 |
| 650 #4 - PUNTO DE ACCESO ADICIONAL DE MATERIA--TÉRMINO DE MATERIA |
| Término de materia o nombre geográfico como elemento de entrada |
Eucaristía (liturgia) |
| 9 (RLIN) |
10989 |
| 650 #4 - PUNTO DE ACCESO ADICIONAL DE MATERIA--TÉRMINO DE MATERIA |
| Término de materia o nombre geográfico como elemento de entrada |
Sacramentos |
| 9 (RLIN) |
10990 |
| 700 1# - PUNTO DE ACCESO ADICIONAL--NOMBRE DE PERSONA |
| Nombre de persona |
Bello Peguero, Rafael, |
| Fechas asociadas al nombre |
1932-2022 |
| Término indicativo de función/relación |
ed. |
| 9 (RLIN) |
2405 |
| 700 1# - PUNTO DE ACCESO ADICIONAL--NOMBRE DE PERSONA |
| Nombre de persona |
Juan Pablo |
| Numeración |
II, |
| Títulos y otros términos asociados al nombre |
Papa, |
| Fechas asociadas al nombre |
1920-2005 |
| 9 (RLIN) |
10991 |
| 700 1# - PUNTO DE ACCESO ADICIONAL--NOMBRE DE PERSONA |
| Nombre de persona |
Arnaiz, Francisco José |
| 9 (RLIN) |
6960 |
| 910 ## - DATOS DE OPCIÓN DEL USUARIO (OCLC) |
| Datos de opción del usuario |
DG |
| 942 ## - ELEMENTOS DE PUNTO DE ACCESO ADICIONAL (KOHA) |
| Fuente del sistema de clasificación o colocación |
Dewey Decimal Classification |
| Tipo de ítem Koha |
Libro |